Day #98: Countries 9800 km away from Liberia - Statistics

General Stats
  • This quiz has been taken 8 times
  • The average score is 7 of 8
Answer Stats
Answer % Correct
Canada
100%
China
100%
Kazakhstan
100%
Russia
100%
United States of America
100%
India
83%
Mexico
83%
Nepal
67%
No matching quizzes found
Score Distribution
Percent of People with Each Score
Percentile by Number Answered
Your Score History
You have not taken this quiz